000 00682nam a22001937a 4500
008 160924b xxu||||| |||| 00| 0 eng d
020 _a9812434259
082 _22003
_aDC 657.42
_bB23
100 _915202
_aBarfield, Jesse T.
245 _aCost accounting:
_b traditions and innovations/
_cJesse T. Barfield, Cecily A. Raiborn and Michael R. Kinney
250 _a5th edition
260 _aAustralia:
_bSouth-Western Col. Pub.,
_cc2003.
300 _axviii, 890 pages:
_billustrations;
_c25 cm.
500 _aIncludes index.
650 0 _915203
_aCost accounting
700 _915204
_aRaiborn, Cecily A.
_eAuthor
700 _915205
_aKinney, Michael R.
_eAuthor
942 _2ddc
_cDC
999 _c4804
_d4804